Score 0/10 Timer 04:00
0 Plays Today
% Correct
Classical conditioning
71.8%
Conditioned response
71.8%
Discrimination
61.5%
Extinction
57.7%
Stimulus
56.4%
Response
56.4%
Spontaneous recovery
55.1%
Generalisation
47.4%
Unconditioned stimulus
43.6%
Conditioned stimulus
41%
Remove Ads.
Support Sporcle.
Get the best of Sporcle when you Go Orange. This ad-free experience offers more features, more stats, and more fun while also helping to support Sporcle. Thank you for becoming a member.

You're not logged in!

Compare scores with friends on all Sporcle quizzes.
OR
Log In

Show Comments

Extras

Top Quizzes Today


Score Distribution

Your Account Isn't Verified!

In order to create a playlist on Sporcle, you need to verify the email address you used during registration. Go to your Sporcle Settings to finish the process.

Report this User

Report this user for behavior that violates our Community Guidelines.

Details: